000 00342 a2200157 4500
001 186639
020 _a85-86377-37-6
040 _cMagnum
100 _aBandeira, Pedro
240 1 0 _aO espantalho inteligente
_lpor
245 1 0 _aO espantalho inteligente
300 _a16
362 0 _a1999
697 _aLITERATURA INFANTO
942 _cBK
999 _c186639
_d186639